000 00883nam a22001697a 4500
008 231101b |||||||| |||| 00| 0 spa d
080 _a341.6/ 64 (861) D 378
100 _4aut
_aDelgado D Aste Juan Carlos
245 _aLa Flexibilizacion Constitucional en procesos de Justicia transicional. (Hacia una reingenieria de la Jurisdiccion especial para la Paz en Colombia)
300 _a95 P.
500 _aDirector de tesis: Farinella, Favio
502 _aTesis ( Doctorado en Derecho)--Universidad Nacional de Mar del Plata. Facultad de Derecho. Departamento de Posgrado. 2023
504 _aContiene Referencias Bibliograficas: P. 95 a 107.
650 _2IEDCYT
_ateoria constitucional
_aConstitucion
_aderecho internacional publico
_aderecho internacional humanitario
_ajusticia transicional
_ajurisdiccion especial para la Paz
_aColombia
945 _acd
_d2023-11-01
999 _c5345
_d235849